काँच की कहानी/ (Record no. 202565)

MARC details
000 -LEADER
fixed length control field 01068nam a22002177a 4500
005 - DATE AND TIME OF LATEST TRANSACTION
control field 20240517114506.0
010 ## - LCCN (DPL NO)
LC control number HIN-127475
020 ## - INTERNATIONAL STANDARD BOOK NUMBER
Terms of availability 350.00
International Standard Book Number 9789393647153
035 ## - SYSTEM CONTROL NUMBER
System control number HN-99821
037 ## - SOURCE OF ACQUISITION
Source of stock number/acquisition DBAD
082 ## - DEWEY DECIMAL CLASSIFICATION NUMBER
Classification number 666.1
100 ## - MAIN ENTRY--PERSONAL NAME
Personal name शुक्ल, अनिल कुमार
245 ## - TITLE STATEMENT
Title काँच की कहानी/
Statement of responsibility, etc अनिल कुमार शुक्ल, भूपेश कुमार त्रिपाठी एवं अंकिता शुक्ला
250 ## - EDITION STATEMENT
Edition statement प्रथम
260 ## - PUBLICATION, DISTRIBUTION, ETC. (IMPRINT)
Place of publication, distribution, etc प्रयागराज
Name of publisher, distributor, etc फ़र्स्ट प्रिन्ट पब्लिकेशन
Date of publication, distribution, etc 2023
270 ## - ADDRESS
Address 164/3/50 टैगोर टाउन,
City प्रयागराज
Postal code 211002
300 ## - PHYSICAL DESCRIPTION
Extent 164पृ.
Dimensions 22सेमी.(सजिल्द)
Other physical details सचित्र
650 ## - SUBJECT ADDED ENTRY--TOPICAL TERM
Topical term or geographic name as entry element हिन्दी
700 ## - ADDED ENTRY--PERSONAL NAME
Personal name त्रिपाठी, भूपेश कुमार एवं शुक्ला, अंकिता
9 (RLIN) 65495
942 ## - ADDED ENTRY ELEMENTS (KOHA)
Source of classification or shelving scheme Dewey Decimal Classification
Item type Hindi Books
Classification part 666.1
Call number suffix शुक्लअ
Holdings
Withdrawn status Lost status Not for loan Collection code Home library Current library Date acquired Source of acquisition Cost, normal purchase price Full call number Barcode Copy number Cost, replacement price Koha item type
      Non-fiction Ashok Vihar Ashok Vihar 02/05/2024 DBAD 350.00 666.1 शुक्लअ HN-99821 1 350.00 Hindi Books

© Delhi Public Library
Hit Counter
free hit counter